VLSI Design and EDA Tools (Record no. 343744)

MARC details
000 -LEADER
fixed length control field 00485nam a2200181Ia 4500
008 - FIXED-LENGTH DATA ELEMENTS--GENERAL INFORMATION
fixed length control field 230718s9999 xx 000 0 und d
020 ## - INTERNATIONAL STANDARD BOOK NUMBER
International Standard Book Number 9788183714976
041 ## - LANGUAGE CODE
Language code of text/sound track or separate title eng
082 ## - DEWEY DECIMAL CLASSIFICATION NUMBER
Classification number 621.39'5
Item number SAR
100 ## - MAIN ENTRY--PERSONAL NAME
Personal name Sarkar A.
245 ## - TITLE STATEMENT
Title VLSI Design and EDA Tools
250 ## - EDITION STATEMENT
Edition statement 2nd ed.
260 ## - PUBLICATION, DISTRIBUTION, ETC. (IMPRINT)
Date of publication, distribution, etc. 2014
Name of publisher, distributor, etc. Scitech Publication
300 ## - PHYSICAL DESCRIPTION
Extent 903
365 ## - TRADE PRICE
Currency code Rs.
Price amount 650.00
700 ## - ADDED ENTRY--PERSONAL NAME
Personal name Sarkar A.; De S. & Sarkar C.K.
906 ## - LOCAL DATA ELEMENT F, LDF (RLIN)
d O:0363911-Nov-2016B:IN132108-Nov-2016
c ETC
b 3250
Holdings
Withdrawn status Lost status Damaged status Not for loan Home library Current library Date acquired Vendor Budget Code Cost, normal purchase price Bill number Total Checkouts Full call number Barcode Date last seen Date last checked out Discount Cost, replacement price Bill Date Koha item type Original Barcode
        Cummins College of Engineering for Women Pune Cummins College of Engineering for Women Pune 14/11/2016 Pradeep Book Distributors ETC 487.50 IN1321 3 621.39'5 CCEP-BK-54951 13/12/2023 28/11/2023 3250 650.00 08/11/2016 Books 054951